Loading...
Concepts of Genetics
| Main Author: | |
|---|---|
| Other Authors: | |
| Format: | Printed Book |
| Published: |
Noida:
Pearson,
c.2016.
|
| Edition: | 10th ed. |
| Subjects: |
| LEADER | 00535nam a22001697a 4500 | ||
|---|---|---|---|
| 999 | |c 26953 |d 26953 | ||
| 020 | |a 9789332577466 | ||
| 082 | |a 576.5 |b KLU/CO | ||
| 100 | |a Klug William S. |a Palladino Michael A. | ||
| 245 | |a Concepts of Genetics | ||
| 250 | |a 10th ed. | ||
| 260 | |a Noida: |b Pearson, |c c.2016. | ||
| 300 | |a 885p. | ||
| 650 | |a Chromosome Mapping, |a DNA Structure. | ||
| 700 | |a William s. Klug | ||
| 942 | |c BK | ||
| 952 | |0 0 |1 0 |4 0 |6 576_500000000000000_KLU_CO |7 0 |9 37657 |a KUFOS |b KUFOS |d 2019-04-10 |o 576.5 KLU/CO |p 19132 |r 2019-04-10 |w 2019-04-10 |y BK | ||